| 000 | 00614nam a2200229 a 4500 | ||
|---|---|---|---|
| 008 | |||
| 020 | _a8170235812 (cased) | ||
| 049 | _aMAIN | ||
| 090 | 0 | 0 |
_aHD62.15 _bSOH |
| 100 | 1 | _aSohrab | |
| 245 | 1 | 4 |
_aQuality audit / _cSohrab. |
| 260 |
_aNew Delhi : _bAllied Publishing, _cc1996. |
||
| 300 |
_axvii, 220 p. ; _c25 cm. |
||
| 500 | _aIncludes index. | ||
| 504 | _aIncludes bibliographical references. | ||
| 650 | _aAuditing. | ||
| 907 |
_a.b10085300 _b16-04-13 _c30-07-03 |
||
| 003 | |||
| 005 | 20230123133355.0 | ||
| 040 | _cNUST | ||
| 942 |
_cBOOKS _kHD62.15 _mSOH |
||
| 999 |
_c147501 _d147501 |
||